00865nam a2200193 a 4500001000900000005001700009008004100026020001500067040001300082050002500095245004400120260010800164300005600272500007300328500009400401504003100495650008300526650006200609BRCA_52720190320203040.0000512s1999 sp-a---##b---s000-0#spa-# a8436932064 aDLCcDLC 4aNK4210.B9b.M36 199910aManufactura del Buen Retirob1760-1808. aMadridbMuseo Arqueológico Nacional : Ministerio de Educación y Cultura : Comunidad de Madridc1999 a543 p. (+ 1 folleto)bil. (algunas a color)c30 cm. aIncluye ´Relación de artifices que trabajaron en la manufactura´ aCatálogo de la exposición realizada en el Museo Arqueológico Nacional, Madrid, 1999 aBibliografía: p. 535-54314aReal Fábrica de Porcelana del Buen Retiro (España)vExposicionesxHistoria14aPorcelana españolavExposicionesySiglo XVIIIzEspaña